000 00457nam a2200169Ia 4500
003 GCL
008 140319s9999 xx 000 0 ara d
040 _aGCL /
_cGCL
082 0 4 _a813.009
_bص م
100 1 _aصلاح فضل
245 1 0 _aمنهج الواقعية فى الابداع الادبى /
_cصلاح فضل
300 _a320
490 _a100 قصة
_v0
650 0 4 _aالادب العربى
650 0 4 _aالواقعية
942 _2ddc
_cBK
999 _c43447
_d43447